000 01877nam a2200337 a 4500
003 CO-PeBPR
005 20260429102652.0
008 260415e2024 ck a|||| n||| 00| 0 spa c
020 _a9786287734951
040 0 _aCO-PeBPR
_bspa
_cCO-PeBPR
_erda
041 0 _hspa
082 0 4 _a741.5987 G915n
100 1 _aGuarisco, Laura
_d1991
_eautora
245 1 0 _aNido
_c/ Laura Guarisco
250 _aEdición especial
264 1 _aBogotá, Colombia
_b: Editorial planeta
_c, 2024
300 _a190 páginas
_b: ilustraciones a color
_c; 22 centímetros
336 _atexto
_btxt
_crdacontenido
337 _asin mediación
_bn
_2rdamedio
338 _avolumen
_bnc
_2rdasoporte
490 _aPlan Nacional de Lectura, Escritura y Oralidad / Ministerio de las Culturas, las Artes y los Saberes.
500 _aIncluye datos biográficos del autor.
520 _aUn joven arquitecto abandona su país natal para huir de la escasez y la violencia y buscar mejores oportunidades. recorre cientos de kilómetros para encontrar un nuevo hogar y en su vuelo se enfrenta al miedo, a la nostalgia y a la xenofobia. pero a pesar de todo, continúa con esperanza. esta historia es una ficción construida a partir de episodios reales. es la historia de ángel, el protagonista; de Laura, la autora, y de millones de migrantes más. es una novela gráfica que retrata, en el testimonio íntimo de un viaje, los recuerdos de una Venezuela convulsa que ha obligado a millones a abrir sus alas y encontrar un nuevo nido... Tomado de la contra cubierta del libro.
521 _aRecomendado para jóvenes y adultos.
650 1 4 _2LEMB
_aNovela gráfica venezolana
_ySiglo XXI
650 1 4 _2LEMB
_aLiteratura venezolana
_ySiglo XXI
650 1 4 _2LEMB
_aInmigrantes en la literatura
650 1 4 _2LEMB
_aXenofobia en la literatura
650 1 4 _2LEMB
_aEsperanza en la literatura
942 _2ddc
_cBK
999 _c17819
_d17819